| 000 | 00702nam a22002177a 4500 | ||
|---|---|---|---|
| 003 | OSt | ||
| 005 | 20161130133645.0 | ||
| 008 | 161130s2016 spc|||| |||||0|| 0 spa|d | ||
| 017 | _aDL B. 18695-2016 | ||
| 020 | _a9788491164906 | ||
| 040 |
_bcat _cCDMR |
||
| 100 | 1 | _aZapata Palacios, Lelia | |
| 245 | 1 | 0 |
_aIndustria de la comunicación y economía digital _b: guía básica del Dircom _cLelia Zapata Palacios |
| 260 |
_aBarcelona _bEditorial UOC _c2016 |
||
| 300 |
_a266 p.; _c22 cm |
||
| 504 | _aBibliografia | ||
| 650 | 0 | 7 |
_aComunicació en l'empresa _2lemac _92798 |
| 650 | 0 | 7 |
_aEmpreses _xTecnologia de la informació _2lemac |
| 650 | 0 | 4 |
_aEmpreses _xInnovacions tecnològiques |
| 942 |
_2udc _cMON |
||
| 999 |
_c6981 _d6981 |
||